Telecommunications reform : Toward the advanced information age

Đã lưu trong:
書目詳細資料
企業作者: Minitry of Pots and Telecommunications
格式: 圖書
語言:Undetermined
出版: Japan Minitry of Pots and Telecommunications
主題:
標簽: 添加標簽
沒有標簽, 成為第一個標記此記錄!
Thư viện lưu trữ: Trung tâm Học liệu Trường Đại học Cần Thơ
LEADER 00575nam a2200181Ia 4500
001 CTU_96373
008 210402s9999 xx 000 0 und d
082 |a 384 
082 |b M665 
110 |a Minitry of Pots and Telecommunications 
245 0 |a Telecommunications reform : 
245 0 |b Toward the advanced information age 
245 0 |c Minitry of Pots and Telecommunications 
260 |a Japan 
260 |b Minitry of Pots and Telecommunications 
650 |a Telecommunications reform 
904 |i Hiếu 
980 |a Trung tâm Học liệu Trường Đại học Cần Thơ